00351nam a22001337a 4500003000600000005001700006008004100023040000800064082001500072100002300087245004400110260005200154300001100206GBCCL20241126110706.0220419b ||||| |||| 00| 0 eng d cgbc a231.5bNEI aNeihsial, Tualchin aLaisiangthou a Pasian min hong kizatdan aLamka :bThe Bible review publications, c1988. a32p. ;